| 000 | 00358 a2200169 4500 | ||
|---|---|---|---|
| 001 | 185684 | ||
| 020 | _a | ||
| 040 | _cMagnum | ||
| 100 | _aGreen, Gerald | ||
| 240 | 1 | 0 |
_aMédicos e traficantes _lpor |
| 245 | 1 | 0 | _aMédicos e traficantes |
| 300 | _a491 | ||
| 362 | 0 | _a1979 | |
| 440 | 1 | _aRecord | |
| 697 | _aLITERATURA GERAL ESTRANGEIRA | ||
| 942 | _cBK | ||
| 999 |
_c185684 _d185684 |
||